header

Power in colonial Africa (Record no. 4952)

MARC details
000 -LEADER
fixed length control field 01500nam a2200361 a 4500
082 04 - DEWEY DECIMAL CLASSIFICATION NUMBER
Classification number 968.85/02
100 1# - MAIN ENTRY--AUTHOR NAME
Personal name Eldredge, Elizabeth A.
245 10 - TITLE STATEMENT
Title Power in colonial Africa
260 ## - PUBLICATION, DISTRIBUTION, ETC. (IMPRINT)
Place of publication Madison, Wis. :
Name of publisher University of Wisconsin Press,
Year of publication c2007.
300 ## - PHYSICAL DESCRIPTION
Number of Pages xii, 275 p. :
Other physical details ill., maps.
490 1# - SERIES STATEMENT
Series statement Africa and the diaspora. History, politics, culture
650 #0 - SUBJECT ADDED ENTRY--TOPICAL TERM
Topical Term Sotho (African people)
Topical Term Power (Social sciences)
856 40 - ELECTRONIC LOCATION AND ACCESS
Uniform Resource Identifier http://site.ebrary.com/lib/rucke/Doc?id=10277778

No items available.

© 2026 Rongo University
Contact us: librarian | system librarian | Rongo university